Una jaula de locos (Record no. 167089)

MARC details
000 -LEADER
campo de control de longitud fija 00817nam a22001695i 4500
001 - NÚMERO DE CONTROL
campo de control 167089
003 - IDENTIFICADOR DE NÚMERO DE CONTROL
campo de control ES-MaACL
005 - FECHA Y HORA DE LA ÚLTIMA TRANSACCIÓN
campo de control 20230906213447.0
008 - DATOS DE LONGITUD FIJA--INFORMACIÓN GENERAL
campo de control de longitud fija 990928s1876 sp |||| | spa d
040 ## - FUENTE DE CATALOGACIÓN
Centro catalogador/agencia de origen CCPB | B
Lengua de catalogación spa
Centro/agencia transcriptor CCPB | B
100 1# - ENTRADA PRINCIPAL--NOMBRE DE PERSONA
Nombre de persona Vega, Ricardo de la.
9 (RLIN) 113583
245 14 - MENCIÓN DEL TÍTULO
Título Una jaula de locos
Resto del título : revista político-periodística, en un acto, en prosa y verso /
Mención de responsabilidad, etc. original de Ricardo de la Vega ; música del Maestro Caballero.
260 ## - PUBLICACIÓN, DISTRIBUCIÓN, ETC.
Lugar de publicación, distribución, etc. Madrid :
Nombre del editor, distribuidor, etc. Administración lírico-dramática,
Fecha de publicación, distribución, etc. 1876 (
Fabricante Imprenta de José M. Ducazcal)
300 ## - DESCRIPCIÓN FÍSICA
Extensión 31 p. ;
Dimensiones 20 cm.
700 0# - ENTRADA AGREGADA--NOMBRE PERSONAL
Nombre de persona Fernández Caballero, Manuel.
9 (RLIN) 49531
852 ## - LOCALIZACIÓN
Ubicación ES-MaACL
Número de control de estantería F-8607(9)
Nota libre -- Enc. pasta española
-- --Enc. en un vol. facticio formando parte de la col. facticia "Teatro español moderno", vol. 62
condición física .- Falto de la cub. original
Holdings
Estatus retirado Estado de pérdida Estado de daño No para préstamo Colección Biblioteca de origen Biblioteca actual Ubicación en estantería Fecha de adquisición Total de préstamos Signatura topográfica completa Código de barras Visto por última vez Precio de reemplazo Tipo de ítem Koha
        Libros del s. XIX Biblioteca del Ateneo de Madrid Biblioteca del Ateneo de Madrid Sala Pecera Planta 2 17/01/2008   F-8607(9) 1175274 23/02/2023 23/02/2023 Libro impreso antiguo